| 000 | 00587nam a2200169 4500 | ||
|---|---|---|---|
| 999 |
_c4663 _d4663 |
||
| 008 | 160919b xxu||||| |||| 00| 0 eng d | ||
| 022 | _a2094-8042 | ||
| 082 | _aDPer 370.105 M72 Jan-Dec 2012 v. 60-61 | ||
| 100 |
_914877 _aGo, Alice S. |
||
| 243 | _aThe modern teacher | ||
| 245 |
_aA bid to tap the native tongue as reading bridge to english in the grades/ _cAlice S. Go. |
||
| 260 |
_aPhilippines: _bIn the Grade School, Inc., _c©2012. |
||
| 300 |
_av61 n6, pages 203-206; _c28 cm. |
||
| 500 | _aThe Modern Teacher. | ||
| 650 | 0 |
_914878 _aEducation _xBilingual |
|
| 942 |
_2ddc _cPER |
||